| 000 | 00572 a2200217 4500 | ||
|---|---|---|---|
| 005 | 20260127103357.0 | ||
| 008 | 260122b |||||||| |||| 00| 0 eng d | ||
| 020 |
_a9789349369351 _cRs. 1995.00 |
||
| 040 | _aMAIN | ||
| 082 |
_a628.01 _bK119M |
||
| 100 | _aKagne, Suresh Raghunathrao | ||
| 245 | _aMicrobiology of water and wastewater | ||
| 260 |
_bApex Publication _c2025 _aJaipur |
||
| 300 | _aviii, 262 | ||
| 650 | _aMicrobiology | ||
| 650 | _aMicrobes | ||
| 650 | _aWater Purification | ||
| 650 | _aWastewater | ||
| 700 | _aPuri, Swati Suresh | ||
| 942 | _cBK | ||
| 999 |
_c395827 _d395827 |
||